000
00326nam a2200169Ia 4500
100
_a
Ravichandran/R
650
_a
Python
942
_c
BK
366
_f
20
654
_a
python
245
_a
Learn to Master python
260
_b
Staredu solutions
082
_b
RAV
300
_a
356
546
_a
ENGLISH
999
_c
19247
_d
19247